[Event "Tourn. n8509"]
[Site "www.chess-mail.com"]
[Date "2015.12.30"]
[Round "1"]
[White "Bojan"]
[Black "Luban"]
[WhiteElo "2040"]
[BlackElo "1980"]
[Result "0-1"]
[Round "1"]
1.e4 c5
2.Ng1f3 d6
3.d4 cxd4
4.Nf3xd4 Ng8f6
5.f3 e6
6.c3 Bf8e7
7.Bf1d3 a6
8.Bc1e3 b5
9.Nb1d2 Bc8b7
10.Nd4e2 Nb8c6
11.a3 O-O
12.b4 Qd8c7
13.Kf2 Ra8c8
14.Ra1c1 Nc6e5
15.Bd3c2 Ne5c4
16.Be3f4 e5
17.Bf4g3 Qc7b6
18.Kf1 Nc4e3
19.Ke1 Ne3xg2
20.Kf1 Ng2e3
21.Ke1 Ne3xd1
22.Rc1xd1 Rf8d8
23.Rh1f1 Qb6e3
24.Bg3f2 Qe3h6
25.Bf2g3 Nf6h5
26.Bg3f2 Nh5f4
27.Bf2g3 Be7h4
28.Rf1g1 Bh4xg3
29.hxg3 Nf4xe2
30.Kxe2 Rc8xc3
31.Bc2d3 Rc3xa3
32.Rd1b1 d5
33.Rg1h1 dxe4
34.Nd2xe4 Qh6xh1
35.Rb1xh1 Rd8xd3
36.Ne4c5 Bb7xf3
37.Kf2 Rd3d2
{ resign }
0-1

[Event "Tourn. n8474"]
[Site "www.chess-mail.com"]
[Date "2015.12.30"]
[Round "1"]
[White "Cathar"]
[Black "Glenno"]
[WhiteElo "2300"]
[BlackElo "2320"]
[Result "0-1"]
[Round "1"]
1.e4 e5
2.Ng1f3 Nb8c6
3.Bf1c4 Ng8f6
4.d3 Bf8c5
5.c3 d6
6.Bc4b3 a6
7.O-O O-O
8.h3 h6
9.Rf1e1 Bc5a7
10.Nb1d2 Nf6h5
11.Nd2f1 Qd8f6
12.Nf1e3 Nh5f4
13.Ne3g4 Bc8xg4
14.hxg4 Qf6g6
15.Bc1xf4 exf4
16.Nf3h2 a5
17.a4 Ra8b8
18.d4 Rf8e8
19.Bb3c2 Ba7b6
20.e5 Qg6g5
21.exd6 cxd6
22.Qd1d3 g6
23.Bc2b3 Re8e7
24.Re1xe7 Nc6xe7
25.Ra1e1 Bb6d8
26.Qd3h3 b5
27.Nh2f3 Qg5f6
28.g5 hxg5
29.Nf3h2 bxa4
30.Nh2g4 Qf6g7
31.Ng4h6 Kf8
32.Bb3xf7 g4
33.Qh3h2 g3
34.fxg3 fxg3
35.Qh2h3 Rb8xb2
36.Re1f1 Rb2f2
37.Rf1b1 Rf2xf7
38.Nh6xf7 Kxf7
39.Qh3xg3 Ne7f5
40.Qg3f3 Qg7h6
41.Rb1a1 Qh6e3
42.Qf3xe3 Nf5xe3
43.Ra1xa4 Ne3d1
44.Ra4a3 d5
45.Ra3b3 Bd8e7
46.Rb3b5 Nd1xc3
47.Rb5xa5 Be7f6
48.Kf1 Bf6xd4
{ resign }
0-1

[Event "Tourn. n8460"]
[Site "www.chess-mail.com"]
[Date "2015.12.30"]
[Round "1"]
[White "Easychess"]
[Black "Roque1"]
[WhiteElo "1540"]
[BlackElo "1560"]
[Result "0-1"]
[Round "1"]
1.c4 e6
2.d4 d6
3.Nb1c3 Ng8f6
4.e4 Bf8e7
5.Ng1f3 O-O
6.Bf1e2 Nb8c6
7.O-O Bc8d7
8.a3 a6
9.b4 Nc6a7
10.Bc1b2 b5
11.Ra1c1 Ra8c8
12.c5 dxc5
13.dxc5 Bd7c6
14.Qd1c2 Nf6d7
15.Rf1d1 Be7f6
16.Nf3d4 Bf6e5
17.Nd4xc6 Na7xc6
18.Nc3b1 Qd8e7
19.Bb2xe5 Nd7xe5
20.Rd1d2 Rf8d8
21.Rc1d1 Rd8xd2
22.Rd1xd2 Ne5g6
23.Nb1c3 Ng6f4
24.Be2f3 e5
25.Nc3d5 Qe7g5
26.Nd5xf4 Qg5xf4
27.h3 Nc6d4
28.Qc2d1 a5
29.Bf3g4 Rc8a8
30.Qd1e1 axb4
31.axb4 Ra8a3
32.g3 Qf4g5
33.Kg2 h5
34.Bg4d7 Nd4f3
35.Qe1c1 Nf3xd2
36.Qc1xa3 Nd2xe4
37.Bd7xb5 f5
38.Bb5c4 Kh7
39.h4 Qg5d2
40.Qa3f3 g6
41.b5 Qd2b4
42.Qf3d3 Qb4xc5
{ resign }
0-1

[Event "Tourn. n8518"]
[Site "www.chess-mail.com"]
[Date "2015.12.30"]
[Round "1"]
[White "Attatroll"]
[Black "Jhw"]
[WhiteElo "1920"]
[BlackElo "1890"]
[Result "1-0"]
[Round "1"]
1.e4 Ng8f6
2.e5 Nf6d5
3.Ng1f3 c5
4.Bf1c4 Nd5f4
5.O-O d5
6.Bc4b5 Nb8c6
7.d4 Bc8f5
8.Bc1xf4 e6
9.Bb5xc6 bxc6
10.Nb1d2 c4
11.c3 Bf8e7
12.Rf1e1 g5
13.Bf4g3 g4
14.Qd1a4 Qd8d7
15.Nf3h4 Be7xh4
16.Bg3xh4 h5
17.Bh4f6  { time }
1-0

[Event "Tourn. n8437"]
[Site "www.chess-mail.com"]
[Date "2015.12.30"]
[Round "1"]
[White "Osopanda"]
[Black "Neo"]
[WhiteElo "1860"]
[BlackElo "1790"]
[Result "0-1"]
[Round "1"]
1.c4 e6
2.d4 c6
3.e4 d5
4.cxd5 cxd5
5.e5 Bf8b4
6.Nb1c3 Ng8e7
7.Bf1d3 O-O
8.Ng1e2 Ne7f5
9.O-O Nb8c6
10.Bd3xf5 exf5
11.a3 Bb4xc3
12.bxc3 Bc8e6
13.Ne2f4 Qd8e7
14.Nf4xe6 Qe7xe6
15.f3 Nc6a5
16.Bc1f4 Na5c4
17.Qd1e2 h5
18.Rf1b1 b6
19.g4 hxg4
20.fxg4 g6
21.gxf5 Qe6xf5
22.Rb1f1 Qf5h3
23.Bf4g3 b5
24.a4 bxa4
25.Rf1f4 a3
26.Rf4h4 Qh3f5
27.Ra1f1 Qf5g5
28.Rh4h3 Ra8b8
29.Kh1 Rb8b2
30.Qe2f3 Nc4d2
31.Qf3d1 Nd2xf1
32.Qd1xf1 a2
33.Bg3h4 Qg5d2
34.Bh4f6 Qd2g2
35.Qf1xg2 Rb2b1
36.Qg2g1 Rb1xg1
37.Kxg1 a1Q
38.Kf2 Qa1b2
39.Kg1 Qb2c1
40.Kg2 Qc1d2
41.Kg1 Qd2d1
42.Kg2 Qd1g4
43.Rh3g3 Qg4e2
44.Kg1 Qe2e1
45.Kg2 a5
46.Rg3h3 Qe1e2
47.Kg3 Qe2e3
48.Kg2 Qe3e4
49.Kg1 Qe4g4
50.Rh3g3 Qg4h5
51.Kg2 a4
52.Rg3h3 Qh5g4
53.Rh3g3 Qg4h5
54.Rg3h3 Qh5xh3
55.Kxh3 Rf8e8
{ resign }
0-1

[Event "Tourn. n8428"]
[Site "www.chess-mail.com"]
[Date "2015.12.30"]
[Round "1"]
[White "Azulmarino"]
[Black "Julian"]
[WhiteElo "1740"]
[BlackElo "1770"]
[Result "0-1"]
[Round "1"]
1.e4 c5
2.c4 d6
3.d3 e6
4.f3 Nb8c6
5.Nb1c3 Bf8e7
6.g3 Ng8f6
7.Bc1e3 O-O
8.a3 a6
9.Be3g5 Ra8b8
10.Bg5e3 Nc6d4
11.Be3xd4 cxd4
12.Nc3e2 e5
13.Bf1h3 Bc8xh3
14.Ng1xh3 b5
15.g4 bxc4
16.Ra1b1 Qd8c7
17.O-O cxd3
18.Qd1xd3 d5
19.Rb1c1 Qc7b7
20.Rc1c2 dxe4
21.Qd3c4 Rf8c8
22.Qc4a4 Rc8xc2
23.Qa4xc2 d3
24.Qc2d2 dxe2
25.Qd2xe2 exf3
26.Qe2c4 Qb7b6
27.Rf1f2 Nf6e8
28.Qc4e4 Be7c5
29.Qe4xf3 Bc5xf2
30.Nh3xf2 Qb6xb2
31.Qf3e4 Qb2b1
32.Qe4xb1 Rb8xb1
33.Kg2 Rb1b2
34.Kh3 Rb2b3
35.Kh4 Rb3xa3
36.Nf2e4 f6
37.h3 Kf7
38.Kh5 Ra3xh3
{ resign }
0-1

[Event "Tourn. n8488"]
[Site "www.chess-mail.com"]
[Date "2015.12.30"]
[Round "1"]
[White "Cal"]
[Black "Osmundw"]
[WhiteElo "1179"]
[BlackElo "1430"]
[Result "1-0"]
[Round "1"]
1.c4 e6
2.e4 Ng8f6
3.Nb1c3 d5
4.cxd5 exd5
5.exd5 Nf6xd5
6.Nc3e4 Qd8e7
7.f3 Bc8f5
8.Bf1d3 Nb8c6
9.Ng1e2 Nc6a5
10.Ne2d4 Nd5f4
11.Nd4xf5 Qe7b4
12.O-O Na5c4
13.Bd3xc4 Qb4xc4
14.Rf1e1 Nf4d3
15.Ne4d6 Kd7
16.Nd6xb7 Bf8c5
17.Nf5e3 Qc4d4
18.Qd1b3 Rh8e8
19.Qb3xf7 Kc8
20.Qf7xe8 Kxb7
21.Qe8b5 Kc8
22.Qb5c6 Bc5e7
23.Ra1b1 Be7c5
24.Re1e2 Nd3b4
25.Kf1 Nb4xa2
26.b3 Na2xc1
27.Qc6xa8 Kd7
28.Rb1xc1 Qd4b2
29.Rc1xc5 Qb2b1
30.Kf2 Qb1h1
31.Ne3f5 g6
32.Re2e7 { resign }
1-0

[Event "Tourn. n8516"]
[Site "www.chess-mail.com"]
[Date "2015.12.30"]
[Round "1"]
[White "Jhw"]
[Black "Neo"]
[WhiteElo "1890"]
[BlackElo "1870"]
[Result "0-1"]
[Round "1"]
1.e4 e5
2.Ng1f3 d6
3.Bf1c4 Qd8e7
4.Nb1c3 c6
5.d4 Bc8e6
6.d5 cxd5
7.Bc4xd5 Be6xd5
8.Qd1xd5 Nb8c6
9.Bc1e3 g6
10.Nc3b5 a6
11.Nb5c3 Bf8g7
12.O-O-O Ng8f6
13.Qd5xd6 Qe7xd6
 { time }
0-1

[Event "Tourn. n8490"]
[Site "www.chess-mail.com"]
[Date "2015.12.30"]
[Round "1"]
[White "Julian"]
[Black "Expert"]
[WhiteElo "1880"]
[BlackElo "1840"]
[Result "1/2-1/2"]
[Round "1"]
1.e4 c6
2.d4 d5
3.e5 Bc8f5
4.Bf1d3 Bf5xd3
5.Qd1xd3 Qd8a5
6.c3 Qa5a6
7.Ke2 e6
8.b3 Qa6xd3
9.Kxd3 Nb8d7
10.Ng1f3 c5
11.Bc1g5 cxd4
12.cxd4 Ra8c8
13.Nb1c3 a6
14.Rh1c1 Bf8e7
15.Bg5xe7 Ng8xe7
16.g4 O-O
17.Nc3a4 b5
{ draw }
1/2-1/2

[Event "Tourn. n8556"]
[Site "www.chess-mail.com"]
[Date "2015.12.30"]
[Round "1"]
[White "Tonino1"]
[Black "Karpawn"]
[WhiteElo "2030"]
[BlackElo "2079"]
[Result "0-1"]
[Round "1"]
1.d4 f5
2.Ng1f3 Ng8f6
3.e3 e6
4.Bf1d3 c5
5.b3 Nb8c6
6.Bc1b2 d5
7.Nb1d2 cxd4
8.exd4 Bf8d6
9.Nf3e5 O-O
10.f4 Nf6e4
11.O-O Nc6xe5
12.fxe5 Bd6b4
13.Nd2xe4 dxe4
14.Bd3c4 Qd8a5
15.a3 Bb4c3
16.b4 Qa5c7
17.Bb2xc3 Qc7xc4
18.Bc3b2 b6
19.Qd1d2 Bc8a6
20.Rf1d1 f4
21.c3 e3
22.Qd2e1 f3
23.gxf3 Rf8xf3
24.Ra1c1 Ba6b7
25.Rc1c2 Qc4d5
26.c4 Rf3g3
27.Qe1xg3 Qd5h1

0-1

[Event "Tourn. n8495"]
[Site "www.chess-mail.com"]
[Date "2015.12.30"]
[Round "1"]
[White "Jhw"]
[Black "Norlavuaram"]
[WhiteElo "2010"]
[BlackElo "2300"]
[Result "0-1"]
[Round "1"]
1.d4 Ng8f6
2.Nb1c3 g6
3.g3 Bf8g7
4.Bf1g2 O-O
5.e4 d6
6.f4 c6
7.Qd1d3 Nb8a6
8.Ng1e2 Na6c7
9.Bg2f3 Rf8e8
10.e5 Nf6d5
11.Nc3xd5 cxd5
12.a4 dxe5
13.fxe5 e6
14.Bc1d2 Bc8d7
15.b3 Ra8c8
16.h4 a6
 { time }
0-1

[Event "Tourn. n8505"]
[Site "www.chess-mail.com"]
[Date "2015.12.30"]
[Round "1"]
[White "Abuelo"]
[Black "Jhw"]
[WhiteElo "2090"]
[BlackElo "2040"]
[Result "1-0"]
[Round "1"]
1.e4 e5
2.Ng1f3 Nb8c6
3.Bf1c4 Ng8f6
4.d3 Bf8c5
5.O-O d5
6.Bc4b5 Nf6g4
7.Bb5xc6 bxc6
8.h3 Ng4xf2
9.Rf1xf2 Bc5xf2
10.Kxf2 d4
11.Nf3xe5  { time }
1-0

[Event "Tourn. n8506"]
[Site "www.chess-mail.com"]
[Date "2015.12.30"]
[Round "1"]
[White "Genius7"]
[Black "Jhw"]
[WhiteElo "2050"]
[BlackElo "2040"]
[Result "1-0"]
[Round "1"]
1.c4 e5
2.Nb1c3 c6
3.d4 exd4
4.Qd1xd4 Ng8f6
5.e4 b6
6.Bc1g5 Bf8e7
7.e5 Be7c5
8.Bg5xf6 Bc5xd4
9.Bf6xd8 Kxd8
10.f4 Bd4xc3
11.bxc3  { time }
1-0

[Event "Tourn. n8506"]
[Site "www.chess-mail.com"]
[Date "2015.12.30"]
[Round "1"]
[White "Jhw"]
[Black "Abuelo"]
[WhiteElo "2040"]
[BlackElo "2090"]
[Result "0-1"]
[Round "1"]
1.c3 e5
2.e4 Ng8f6
3.d3 Nb8c6
4.Bf1e2 Bf8e7
5.h3 d6
6.Bc1d2 O-O
7.Ng1f3 h6
8.g4 Bc8e6
9.Nf3h4 Nf6xe4
 { time }
0-1

[Event "Tourn. n8542"]
[Site "www.chess-mail.com"]
[Date "2015.12.30"]
[Round "1"]
[White "Obisporey"]
[Black "Faerieking"]
[WhiteElo "2600"]
[BlackElo "2260"]
[Result "1-0"]
[Round "1"]
1.e4 d5
2.exd5 Ng8f6
3.Bf1b5 Nb8d7
4.d4 a6
5.Bb5e2 b5
6.a4 b4
7.c4 a5
8.Ng1f3 Bc8b7
9.O-O g6
10.Bc1f4 Bf8g7
11.Nb1d2 O-O
12.Rf1e1 Nd7b6
13.Nd2b3 Nf6e4
14.Be2d3 Ne4f6
15.Nb3c5 Bb7c8
16.Nf3e5 e6
17.Ne5c6 { resign }
1-0

[Event "Tourn. n8490"]
[Site "www.chess-mail.com"]
[Date "2015.12.30"]
[Round "1"]
[White "Attatroll"]
[Black "Expert"]
[WhiteElo "1890"]
[BlackElo "1840"]
[Result "1-0"]
[Round "1"]
1.e4 c5
2.Nb1c3 a6
3.g4 d6
4.Bf1g2 Nb8c6
5.h3 e5
6.d3 Bf8e7
7.Ng1e2 Ng8f6
8.O-O O-O
9.f4 exf4
10.Bc1xf4 Rf8e8
11.a3 h6
12.Ne2g3 Nc6d4
13.Ng3f5 Bc8xf5
14.exf5 Qd8c7
15.Rf1e1 Ra8b8
16.h4 b5
17.Nc3e4 Nf6xe4
18.dxe4 Be7xh4
19.Re1e3 Bh4f6
20.c3 { resign }
1-0

[Event "Tourn. n8484"]
[Site "www.chess-mail.com"]
[Date "2015.12.30"]
[Round "1"]
[White "Osopanda"]
[Black "Expert"]
[WhiteElo "1810"]
[BlackElo "1840"]
[Result "1/2-1/2"]
[Round "1"]
1.c4 c5
2.Ng1f3 Nb8c6
3.d4 cxd4
4.Nf3xd4 Ng8f6
5.Nb1c3 g6
6.e4 d6
7.f3 Bf8g7
8.Bc1e3 O-O
9.Bf1e2 Nc6xd4
10.Be3xd4 Bc8d7
11.O-O Bd7c6
12.Qd1d2 Qd8c7
13.Ra1c1 Qc7d7
14.Nc3d5 Bc6xd5
15.cxd5 a6
16.Rc1c3 Ra8c8
17.Rf1c1 Rc8xc3
18.Rc1xc3 Rf8c8
{ draw }
1/2-1/2

[Event "Tourn. n8458"]
[Site "www.chess-mail.com"]
[Date "2015.12.30"]
[Round "1"]
[White "Vitoriccardo"]
[Black "Ditto"]
[WhiteElo "1850"]
[BlackElo "1810"]
[Result "1-0"]
[Round "1"]
1.e4 e5
2.Ng1f3 Nb8c6
3.Bf1c4 Ng8f6
4.Nf3g5 d5
5.exd5 Nc6d4
6.c3 Nd4f5
7.O-O Bf8c5
8.Rf1e1 O-O
9.Re1xe5 Bc5d6
10.Re5e1 Bd6c5
11.d4 Bc5d6
12.Nb1d2 Bd6f4
13.Nd2e4 Bf4xc1
14.Ra1xc1 Nf6xe4
15.Ng5xe4 a6
16.a4 Bc8d7
17.Qd1f3 Ra8b8
18.Ne4c5 Bd7c8
19.Bc4d3 Qd8f6
20.Nc5e4 Qf6b6
21.b4 Qb6g6
22.Ne4g3 Qg6f6
23.Ng3xf5 Kh8
24.Qf3e4 Bc8d7
25.Nf5e7 g6
26.h4 Rb8e8
27.h5 Bd7xa4
28.h6 Ba4d7
29.Re1e3 b5
30.Qe4e5 Qf6xe5
31.Re3xe5 f6
32.Re5e3 Rf8f7
33.Rc1e1 f5
34.Ne7xg6  { time }
1-0

[Event "Tourn. n8462"]
[Site "www.chess-mail.com"]
[Date "2015.12.30"]
[Round "1"]
[White "Emiondi"]
[Black "Cathar"]
[WhiteElo "2199"]
[BlackElo "2280"]
[Result "0-1"]
[Round "1"]
1.d4 Ng8f6
2.c4 e6
3.Nb1c3 Bf8b4
4.Bc1g5 c5
5.d5 h6
6.Bg5h4 d6
7.e3 Bb4xc3
8.bxc3 e5
9.Qd1c2 Qd8e7
10.Ng1f3 Nb8d7
11.Nf3d2 g5
12.Bh4g3 Nf6h5
13.Bf1d3 Nd7f6
14.O-O-O Bc8d7
15.f4 Nh5xg3
16.hxg3 O-O-O
17.f5 e4
18.Bd3xe4 Rd8e8
19.Be4f3 g4
20.e4 Qe7e5
21.Nd2f1 Nf6xe4
22.Bf3xe4 Qe5xe4
23.Qc2xe4 Re8xe4
24.Nf1d2 Re4e2
25.Rd1f1 Re2xg2
26.Nd2e4 Kc7
27.Ne4g5 Rh8e8
28.Ng5xf7 Re8e2
29.Nf7xh6 Re2c2
30.Kb1 Rc2b2
31.Ka1 Rb2xa2
32.Kb1 Rg2b2
33.Kc1 Kb6
34.Nh6xg4 Ka5
35.Ng4e3 Ka4
36.Ne3d1 Rb2e2
37.Kb1 Ka3
38.Rh1h7 Bd7a4
39.Rh7xb7 Ba4c2
{ resign }
0-1

[Event "Tourn. n8518"]
[Site "www.chess-mail.com"]
[Date "2015.12.30"]
[Round "1"]
[White "Jhw"]
[Black "Mitja"]
[WhiteElo "1890"]
[BlackElo "1900"]
[Result "0-1"]
[Round "1"]
1.e4 d5
2.c3 dxe4
3.Qd1a4 c6
4.Qa4xe4 e6
5.Bf1c4 h6
6.d4 Ng8f6
7.Qe4f3 Nb8d7
8.Ng1e2 Nd7b6
9.Bc4d3 Bf8d6
10.g3 Bd6c7
11.Bc1e3 Nb6d5
12.Be3d2 a6
 { time }
0-1

[Event "Match"]
[Site "www.echecsemail.com"]
[Date "2015.12.30"]
[Round "1"]
[White "Libiesse"]
[Black "Jhw"]
[WhiteElo "1970"]
[BlackElo "2040"]
[Result "1-0"]
[Round "1"]
1.d4 c5
2.d5 Qd8b6
3.Ng1f3 g6
4.e4 Bf8g7
5.c3 Ng8f6
6.Bf1d3 e6
7.dxe6 fxe6
8.O-O Nb8c6
9.Bc1f4 O-O
10.Bf4d6 Qb6xb2
11.Nb1d2 Rf8f7
12.Nf3g5 Qb2xc3
13.Bd3b5 Nf6e8
14.Ng5xf7 Kxf7
15.Bb5xc6  { time }
1-0

[Event "Match"]
[Site "www.echecsemail.com"]
[Date "2015.12.30"]
[Round "1"]
[White "Castletyme"]
[Black "Jhw"]
[WhiteElo "1880"]
[BlackElo "1950"]
[Result "1-0"]
[Round "1"]
1.e4 c5
2.Ng1f3 e6
3.d3 b5
4.Bf1e2 Bc8b7
5.O-O h6
6.Nb1c3 b4
7.Nc3b1 Bf8d6
8.Nb1d2 Nb8c6
9.Nd2c4 Bd6c7
10.Nc4e3 Bc7d6
11.Ne3g4 Qd8e7
12.a3 bxa3
13.bxa3 Ng8f6
14.Ng4xf6 Qe7xf6
15.Bc1e3 O-O-O
16.Be3d2  { time }
1-0

[Event "Match"]
[Site "www.echecsemail.com"]
[Date "2015.12.30"]
[Round "1"]
[White "Whitekknight"]
[Black "Forest"]
[WhiteElo "1910"]
[BlackElo "1570"]
[Result "1/2-1/2"]
[Round "1"]
1.e4 c5
2.Ng1f3 d6
3.d4 cxd4
4.Nf3xd4 Ng8f6
5.Nb1c3 g6
6.Bf1d3 Bf8g7
7.Nd4f3 O-O
8.Bc1d2 a6
9.O-O Nb8c6
10.Rf1e1 Bc8g4
11.Bd3e2 b5
12.h3 Bg4xf3
13.Be2xf3 Ra8c8
14.a3 Nc6e5
15.Bf3e2 Ne5c4
16.Be2xc4 Rc8xc4
17.b3 Rc4c7
18.Ra1b1 Qd8c8
19.Qd1f3 Rc7c6
20.Qf3d3 Rf8d8
{ draw }
1/2-1/2

[Event "Match"]
[Site "www.echecsemail.com"]
[Date "2015.12.30"]
[Round "1"]
[White "Jhw"]
[Black "Crush"]
[WhiteElo "1890"]
[BlackElo "1580"]
[Result "0-1"]
[Round "1"]
1.e4 e5
2.Ng1f3 Nb8c6
3.Bf1c4 Bf8c5
4.O-O d6
5.d3 Bc8g4
6.Bc4xf7 Kxf7
7.Nf3g5 Kf8
8.Qd1xg4 Ng8f6
 { time }
0-1

[Event "Match"]
[Site "www.echecsemail.com"]
[Date "2015.12.30"]
[Round "1"]
[White "Kacuk"]
[Black "Whitekknight"]
[WhiteElo "1860"]
[BlackElo "1910"]
[Result "0-1"]
[Round "1"]
1.e4 e5
2.Ng1f3 d6
3.Bf1c4 h6
4.d4 exd4
5.Qd1xd4 Nb8c6
6.Qd4d5 Bc8e6
7.Qd5d3 Qd8d7
8.O-O Ng8f6
9.Bc4xe6 fxe6
10.e5 dxe5
11.Qd3g6 Qd7f7
12.Qg6xf7 Kxf7
13.Nb1c3 Bf8b4
14.Nc3b5 Nf6d5
15.c4 Nd5b6
16.a3 Bb4d6
17.Nb5xd6 Ke7
18.Nd6xb7 Nb6xc4
19.Nb7c5 Rh8d8
20.Bc1e3 Nc4xb2
21.Ra1b1 Nb2c4
22.Nc5e4 Nc4xe3
23.fxe3 Rd8d3
24.Rb1b7 Rd3d7
25.Rf1c1 Nc6d8
26.Rb7xc7 Nd8f7
27.Rc7xd7 Kxd7
28.Ne4c5 Ke7
29.Nc5d3 e4
{ resign }
0-1

[Event "Match"]
[Site "www.echecsemail.com"]
[Date "2015.12.30"]
[Round "1"]
[White "Wwgia"]
[Black "Kacuk"]
[WhiteElo "2230"]
[BlackElo "1860"]
[Result "1-0"]
[Round "1"]
1.e4 e6
2.d4 d5
3.Nb1d2 dxe4
4.Nd2xe4 Ng8f6
5.Bc1g5 Bf8e7
6.Bg5xf6 Be7xf6
7.Ng1f3 O-O
8.Qd1d2 Nb8c6
9.O-O-O a5
10.h4 a4
11.a3 Bf6e7
12.h5 Qd8d5
13.Ne4c3 Qd5d8
14.Kb1 Nc6b8
15.Bf1d3 c5
16.d5 exd5
17.Nc3xd5 Bc8e6
18.Nd5f4 Nb8d7
19.Nf4xe6 fxe6
20.Bd3c4 Rf8f6
21.Qd2xd7 { resign }
1-0

[Event "Match"]
[Site "www.echecsemail.com"]
[Date "2015.12.30"]
[Round "1"]
[White "Jhw"]
[Black "Glenno"]
[WhiteElo "1970"]
[BlackElo "2320"]
[Result "0-1"]
[Round "1"]
1.c4 e5
2.e3 Ng8f6
3.g3 Bf8c5
4.Nb1c3 Nb8c6
5.a3 O-O
6.b4 Bc5e7
7.Qd1b3 d6
8.Bf1d3 Bc8g4
9.f3 Bg4e6
10.Ng1e2 Be6h3
11.Nc3e4 Bh3g2
12.Rh1g1 Bg2xf3
13.Ne4g5 Bf3xe2
14.Kxe2 Qd8d7
15.h4 h6
16.b5 Nc6d8
17.Bd3e4 hxg5
18.Be4c2 Qd7g4
 { time }
0-1

[Event "Match"]
[Site "www.echecsemail.com"]
[Date "2015.12.30"]
[Round "1"]
[White "Paco"]
[Black "Jhw"]
[WhiteElo "1930"]
[BlackElo "1900"]
[Result "1-0"]
[Round "1"]
1.e4 c5
2.Nb1c3 e6
3.Bf1c4 a6
4.Ng1f3 b5
5.Bc4e2 b4
6.Nc3a4 Qd8a5
7.b3 Nb8c6
8.d4 d6
9.d5 Nc6e5
10.dxe6 Bc8xe6
11.O-O Bf8e7
12.Bc1f4 Ra8d8
13.a3 bxa3
14.Ra1xa3 Ne5xf3
15.Be2xf3  { time }
1-0

[Event "Match"]
[Site "www.echecsemail.com"]
[Date "2015.12.30"]
[Round "1"]
[White "Cristiano"]
[Black "Forest"]
[WhiteElo "2140"]
[BlackElo "1570"]
[Result "1/2-1/2"]
[Round "1"]
1.e4 c5
2.Ng1f3 d6
3.d4 cxd4
4.Nf3xd4 Ng8f6
5.Nb1c3 a6
6.a3 g6
7.Bf1c4 Bf8g7
8.f3 O-O
9.Bc1e3 Qd8c7
10.Bc4b3 Nb8c6
11.Qd1d2 Nc6xd4
12.Be3xd4 Bc8e6
13.Nc3d5 Be6xd5
14.Bb3xd5 Nf6xd5
15.Bd4xg7 Kxg7
16.exd5 Ra8c8
17.Ra1c1 Qc7c5
18.Qd2d3 b5
19.c3 Rf8e8
20.Rh1f1 Qc5c4
21.Qd3xc4 Rc8xc4
22.Kd2 Rc4c5
23.Rc1d1 Rc5xd5
24.Kc2 Rd5xd1
25.Rf1xd1 Kf6
{ draw }
1/2-1/2

[Event "Match"]
[Site "www.echecsemail.com"]
[Date "2015.12.30"]
[Round "1"]
[White "Jhw"]
[Black "Hundegana"]
[WhiteElo "2000"]
[BlackElo "1990"]
[Result "0-1"]
[Round "1"]
1.c4 d5
2.e3 d4
3.exd4 Qd8xd4
4.Ng1f3 Qd4d8
5.d4 Ng8f6
6.Nb1c3 g6
7.Bc1e3 c6
8.Qd1b3 e6
9.Bf1e2 Nb8d7
10.h3 Bf8g7
11.O-O-O Qd8b6
12.Qb3a3 Bg7f8
13.c5 Qb6c7
14.g3 h5
15.Nf3g5 Bf8h6
16.h4 Nf6d5
17.Nc3xd5 exd5
18.Be3f4 Bh6xg5
19.Bf4xg5 O-O
20.Bg5f4 Qc7d8
21.Rd1e1 Rf8e8
22.b4 Kg7
23.Qa3f3 Qd8f6
24.Be2d3 Re8xe1
25.Rh1xe1 b6
26.Qf3e3 Kh7
27.Bf4g5 Qf6e6
28.Qe3xe6 fxe6
29.Re1xe6 Nd7f8
30.Re6e7 Kg8
31.Re7e8 Kf7
32.Re8e7 Kg8
33.Bg5h6 Bc8g4
34.Re7g7 Kh8
35.Rg7f7 Nf8e6
36.Bd3xg6 bxc5
37.dxc5 a5
38.f3 Bg4h3
39.Bg6xh5 axb4
40.f4 Ra8xa2
41.Rf7e7 b3
42.Re7e8 Kh7
43.Bh6g5 Ra2c2
44.Kd1 Rc2xc5
45.Bg5f6 Ne6g7
46.Re8e7 Kh6
47.Bf6xg7 Kxh5
48.Re7e5 Kg4
49.Re5g5 Kf3
50.f5 Bh3g4
51.Kd2 Kxg3
52.h5 Kf4
 { time }
0-1

[Event "Match"]
[Site "www.echecsemail.com"]
[Date "2015.12.30"]
[Round "1"]
[White "Pare123"]
[Black "Jhw"]
[WhiteElo "1930"]
[BlackElo "1890"]
[Result "1-0"]
[Round "1"]
1.c4 g6
2.d4 d5
3.c5 b6
4.b4 c6
5.Bc1b2 Bc8f5
6.Nb1c3 Bf8g7
7.e3 b5
8.Bf1e2 Nb8d7
9.h3 h5
10.Ng1f3 Ng8h6
11.Nf3h4 Bf5e6
12.a3  { time }
1-0

[Event "Match"]
[Site "www.echecsemail.com"]
[Date "2015.12.30"]
[Round "1"]
[White "Jhw"]
[Black "Heiserman"]
[WhiteElo "2040"]
[BlackElo "2140"]
[Result "0-1"]
[Round "1"]
1.d4 Ng8f6
2.c4 c5
3.Nb1c3 cxd4
4.Qd1xd4 Nb8c6
5.Qd4d1 g6
6.Ng1f3 Bf8g7
7.e4 d6
8.Bf1d3 O-O
9.a3 Nf6g4
10.h3 Ng4e5
11.Nf3xe5 Nc6xe5
12.f4 Ne5xd3
13.Qd1xd3 f5
14.exf5 Bc8xf5
 { time }
0-1

[Event "1/64 Finale"]
[Site "www.chess-mail.com"]
[Date "2015.12.30"]
[Round "1"]
[White "Julian"]
[Black "Ffdd65"]
[WhiteElo "1820"]
[BlackElo "2180"]
[Result "0-1"]
[Round "1"]
1.e4 e5
2.Ng1f3 d6
3.d4 f6
4.dxe5 fxe5
5.Bf1c4 Bf8e7
6.Nb1c3 c6
7.Bc1e3 b5
8.Bc4b3 Ng8f6
9.Qd1d2 a5
10.a4 b4
11.Nc3e2 Nf6xe4
12.Qd2c1 Bc8g4
13.Nf3g1 Bg4f5
14.f3 Ne4f6
15.Ne2g3 Bf5g6
16.Ng1e2 d5
17.O-O Qd8d7
18.Rf1d1 Bg6f7
19.c3 c5
20.cxb4 cxb4
21.Be3c5 O-O
22.Bc5xe7 Qd7xe7
23.Ng3f5 Qe7d7
24.Nf5e3 d4
25.Ne3c4 Qd7e7
26.Qc1g5 Nb8c6
27.Ra1c1 Nf6d5
28.Qg5xe7 Nd5xe7
29.Rd1d3 Bf7xc4
30.Bb3xc4 Kh8
31.f4 e4
32.Rd3h3 d3
33.Bc4xd3 exd3
34.Rc1xc6 Ne7xc6
35.Rh3xd3 Ra8d8
36.Rd3xd8 Rf8xd8
{ resign }
0-1

[Event "1/128 Finale"]
[Site "www.chess-mail.com"]
[Date "2015.12.30"]
[Round "1"]
[White "Mitja"]
[Black "Cardiff"]
[WhiteElo "2020"]
[BlackElo "1920"]
[Result "1-0"]
[Round "1"]
1.d4 d5
2.e3 Ng8f6
3.h3 g6
4.Ng1f3 Bf8g7
5.Nb1d2 O-O
6.Nd2b3 Nb8d7
7.c3 b6
8.Bf1e2 Bc8b7
9.O-O Nf6e4
10.Rf1e1 c5
11.Nb3d2 Nd7f6
12.Nd2xe4 Nf6xe4
13.Nf3d2 cxd4
14.cxd4 e5
15.dxe5 Bg7xe5
16.Nd2f3 Be5g7
17.Be2d3 Ra8c8
18.Ra1b1 Rf8e8
19.Bd3xe4 dxe4
20.Nf3d4 a6
21.b3 Bg7xd4
22.exd4 Qd8d5
23.Bc1e3 b5
24.Rb1c1 f5
25.Rc1xc8 Re8xc8
26.Qd1d2 Rc8c6
27.Re1c1 Kf7
28.Rc1xc6 Bb7xc6
29.Qd2a5 Bc6b7
30.Qa5c7 Kg8
31.Be3h6 { resign }
1-0

[Event "1/64 Finale"]
[Site "www.chess-mail.com"]
[Date "2015.12.30"]
[Round "1"]
[White "Fkarpov"]
[Black "Osopanda"]
[WhiteElo "2070"]
[BlackElo "1820"]
[Result "0-1"]
[Round "1"]
1.e4 c5
2.Ng1f3 d6
3.Bf1c4 e6
4.d4 cxd4
5.Nf3xd4 a6
6.O-O Ng8f6
7.Bc1g5 Bf8e7
8.Rf1e1 Qd8c7
9.Bc4d3 Nb8c6
10.Nd4xc6 bxc6
11.Nb1c3 e5
12.Bg5xf6 Be7xf6
13.Qd1f3 O-O
14.Ra1b1 Qc7e7
15.b3 Bc8e6
16.Qf3e2 a5
17.a4 d5
18.exd5 cxd5
19.Rb1d1 Ra8c8
20.Nc3b5 e4
21.Bd3xe4 dxe4
22.Qe2xe4 Qe7b4
23.Qe4xb4 axb4
24.Re1e2 Rf8d8
25.Rd1d6 Rd8xd6
26.Nb5xd6 Rc8d8
27.Nd6e4 Rd8d1
{ resign }
0-1

[Event "1/128 Finale"]
[Site "www.chess-mail.com"]
[Date "2015.12.30"]
[Round "1"]
[White "Attatroll"]
[Black "Expert"]
[WhiteElo "1890"]
[BlackElo "1840"]
[Result "1/2-1/2"]
[Round "1"]
1.e4 e5
2.Ng1f3 Nb8c6
3.d4 exd4
4.Bf1c4 Bf8e7
5.O-O d6
6.c3 Ng8f6
7.Qd1b3 O-O
8.Nf3g5 Nc6e5
9.cxd4 Ne5xc4
10.Qb3xc4 h6
11.Ng5f3 c6
12.Nb1c3 d5
13.Qc4d3 dxe4
14.Nc3xe4 Nf6xe4
15.Qd3xe4 Be7f6
16.Bc1e3 Rf8e8
17.Qe4c2 Bc8e6
18.Ra1d1 Be6d5
19.Qc2f5 Bd5e4
{ draw }
1/2-1/2

[Event "1/64 Finale"]
[Site "www.chess-mail.com"]
[Date "2015.12.30"]
[Round "1"]
[White "Lino"]
[Black "Expert"]
[WhiteElo "2330"]
[BlackElo "1850"]
[Result "1-0"]
[Round "1"]
1.e4 e5
2.Ng1f3 Nb8c6
3.Bf1b5 a6
4.Bb5a4 d6
5.c3 Bc8d7
6.O-O Ng8f6
7.Rf1e1 Bf8e7
8.d4 exd4
9.cxd4 O-O
10.Nb1c3 b5
11.Ba4b3 Nc6a5
12.e5 Nf6e8
13.Bb3c2 g6
14.Nc3d5 dxe5
15.Nd5xe7 Qd8xe7
16.Nf3xe5 Qe7d6
17.Bc1f4 { resign }
1-0

[Event "Fast Game"]
[Site "www.echecsemail.com"]
[Date "2015.12.30"]
[Round "1"]
[White "Fkarpov"]
[Black "Tonino1"]
[WhiteElo "1840"]
[BlackElo "1900"]
[Result "1-0"]
[Round "1"]
1.e4 c5
2.Ng1f3 d6
3.Bf1c4 Nb8c6
4.O-O Ng8f6
5.d3 Bc8g4
6.c3 Bg4xf3
7.Qd1xf3 Nc6e5
8.Qf3e2 Ne5xc4
9.dxc4 g6
10.Rf1d1 Bf8g7
11.e5 Nf6d7
12.exd6 e6
13.Bc1f4 O-O
14.Nb1d2 e5
15.Bf4e3 f5
16.f3 Qd8b6
17.b3 Qb6xd6
18.Qe2f2 b6
19.b4 Qd6c7
20.Qf2e2 e4
21.fxe4 Bg7xc3
22.Ra1b1 Bc3xb4
23.Be3f2 Ra8e8
24.Qe2d3 Nd7e5
25.Qd3d5 Kh8
26.Nd2f3 Ne5xf3
27.gxf3 Re8e5
28.Qd5d6 Qc7xd6
29.Rd1xd6 fxe4
30.Rb1xb4 cxb4
31.Bf2d4 exf3
32.Bd4xe5 Kg8
33.Kf2 Rf8e8
34.Rd6d5 Kf7
35.Kxf3 Ke6
36.Ke4 Re8f8
37.Be5f4 Rf8c8
38.Rd5d6 Ke7
39.Rd6d4 a5
40.Kd3 Rc8f8
41.Bf4d6 { resign }
1-0